000 00812cab a2200301 4500
001 ABS54819
008 090401t1996 xxu||||| |||| 00| 0 eng d
035 _a(Sirsi) u12387
041 _aeng
100 _aSyms, P.
245 _aDealing with contaminated assets
260 _c1996
350 _a0
490 _aEstates Gazette
_v(9612) 23 March 1996, 124-125(2)
520 _aPuts forward a method for valuing contaminated property where industrial use is to continue.
650 _aASSET VALUATION
650 _aCONTAMINATED LAND
650 _aINDUSTRIAL USE
650 _aNEW RED BOOK
650 _aRICS
650 _aSITE REMEDIATION COSTS
650 _aSTIGMA
650 _aVALUATION METHODS
690 _aLAND
690 _aRATING AND VALUATION
942 _n0
948 _c04/03/1997
999 _c7917
_d7917